MARC details
| 000 -CABECERA |
| campo de control de longitud fija |
03134cam a2200289zi 4500 |
| 001 - NÚMERO DE CONTROL |
| campo de control |
16947771 |
| 005 - FECHA Y HORA DE LA ÚLTIMA TRANSACCIÓN |
| campo de control |
20250325144256.0 |
| 008 - DATOS DE LONGITUD FIJA--INFORMACIÓN GENERAL |
| campo de control de longitud fija |
230318t20232023enka b 001 0 eng d |
| 020 ## - NÚMERO INTERNACIONAL ESTÁNDAR DEL LIBRO |
| Número Internacional Estándar del Libro |
9781529745023 |
| 020 ## - NÚMERO INTERNACIONAL ESTÁNDAR DEL LIBRO |
| Número Internacional Estándar del Libro |
9781529745030 |
| 035 ## - NÚMERO DE CONTROL DEL SISTEMA |
| Número de control de sistema |
(NhCcYBP)om3787430834 |
| 035 ## - NÚMERO DE CONTROL DEL SISTEMA |
| Número de control de sistema |
16947771 |
| 040 ## - FUENTE DE LA CATALOGACIÓN |
| Centro catalogador/agencia de origen |
NhCcYBP |
| Lengua de catalogación |
eng |
| Normas de descripción |
rda |
| Centro/agencia transcriptor |
NhCcYBP |
| 050 #4 - SIGNATURA TOPOGRÁFICA DE LA BIBLIOTECA DEL CONGRESO |
| Número de clasificación |
HF5415.1255 |
| Número de documento/Ítem |
.T663 2023 |
| 100 ## - ENTRADA PRINCIPAL--NOMBRE DE PERSONA |
| Nombre de persona |
Tombleson, Bridget, |
| Término indicativo de función/relación |
author. |
| 9 (RLIN) |
25021 |
| 245 10 - MENCIÓN DE TÍTULO |
| Título |
Digital storytelling for brands |
| Mención de responsabilidad, etc. |
/ Bridget Tombleson & Katharina Wolf. |
| 264 #1 - PRODUCCIÓN, PUBLICACIÓN, DISTRIBUCIÓN, FABRICACIÓN Y COPYRIGHT |
| Producción, publicación, distribución, fabricación y copyright |
London : |
| Nombre del de productor, editor, distribuidor, fabricante |
SAGE Publications, |
| Fecha de producción, publicación, distribución, fabricación o copyright |
[2023] |
| 264 #4 - PRODUCCIÓN, PUBLICACIÓN, DISTRIBUCIÓN, FABRICACIÓN Y COPYRIGHT |
| Fecha de producción, publicación, distribución, fabricación o copyright |
©2023 |
| 300 ## - DESCRIPCIÓN FÍSICA |
| Extensión |
287 pages : |
| Otras características físicas |
illustrations ; |
| Dimensiones |
25 cm |
| 505 ## - NOTA DE CONTENIDO CON FORMATO |
| Nota de contenido con formato |
Narrative Models Across the Ages —<br/>Semiotics In A Digital World —<br/>Participatory Culture And Transmedia Storytelling —<br/>The Traditional Narrative And The Collective Narrative —<br/>Telling Stories Across Multiple Platforms —<br/>Becoming a Story Curator —<br/>Storytelling Design And Composition —<br/>Storytelling Through Video And Scrollytelling —<br/>Podcasts For Business Storytelling —<br/>Brand Storytelling And Reputation Management —<br/>Outrage, Mis- and Disinformation In The Digital World —<br/>Artificial Intelligence, Virtual Reality And The Future Of Storytelling. |
| 520 ## - SUMARIO, ETC. |
| Sumario, etc. |
Digital storytelling for brands has become a non-negotiable skill in the 21st century, due to the need to connect and communicate with diverse audiences across multiple channels and platforms. The ability to understand narrative(s) is now a prerequisite for many business, communication, marketing and public relations professionals, as well as content creators and journalists. This book teaches essential skills in deconstructing the traditional narrative and how to adapt narrative to fit contemporary platforms. Co-creative methods are emphasised and provide readers with a theoretical underpinning of participatory culture, and narrative. For the first time ever, this book brings together extant arts and humanities-based models with business theory. It provides learners with a clear understanding of the creative and persuasive form of narrative within a digital context, whilst building brand. Contemporary case studies highlight challenges faced in the digital world, including implications for reputation management, considerations associated with mis- and disinformation and the crucial role of the collective narrative. A key principle guiding this book is: ‘the more digital we become, the more we crave to feel human’ and it is this very space where digital storytelling can cut through the (digital) noise to provide an authentic connection.<br/><br/>Bridget Tombleson is an academic at Curtin University, Perth, Western Australia, with more than twenty years’ experience in public relations and the communication industry.<br/><br/>Katharina Wolf is an Associate Professor at Curtin University in Perth, Western Australia, and Lead of the Faculty of Business and Law’s public relations program.<br/><br/> |
| 650 #0 - PUNTO DE ACCESO ADICIONAL DE MATERIA--TÉRMINO DE MATERIA |
| Término de materia o nombre geográfico como elemento de entrada |
Branding (Marketing) |
| 9 (RLIN) |
6284 |
| 650 #0 - PUNTO DE ACCESO ADICIONAL DE MATERIA--TÉRMINO DE MATERIA |
| Término de materia o nombre geográfico como elemento de entrada |
Semiotics. |
| 9 (RLIN) |
25019 |
| 650 #0 - PUNTO DE ACCESO ADICIONAL DE MATERIA--TÉRMINO DE MATERIA |
| Término de materia o nombre geográfico como elemento de entrada |
Storytelling |
| 9 (RLIN) |
8216 |
| 700 ## - ENTRADA AGREGADA--NOMBRE PERSONAL |
| Nombre de persona |
Wolf, Katharina, |
| Término indicativo de función/relación |
author. |
| 9 (RLIN) |
25022 |
| 942 ## - ELEMENTOS DE ENTRADA AGREGADA (KOHA) |
| Fuente del sistema de clasificación o colocación |
Clasificación de Library of Congress |